000
00298nam a22001337a 4500
008
170911b xxu||||| |||| 00| 0 eng d
020
_a
9780781744621
041
_a
eng
080
_a
53
100
_a
43
101
_a
FIZ
245
_a
FOR PHYSICIAN ASSISTANTS
_c
ZARBOCK.S.F
942
_2
udc
_c
BK
999
_c
27174
_d
27174